000 01374nam0a22003251 4500
001 rc\3654600
005 20250610091823.0
021 _aRU
_b[72-52668]
035 _a(NLR Aleph) 007834995
090 _a9765703
_c9765703
100 _a20130115d1972 |||y0rusy50 ca
101 1 _arus
_ceng
102 _aRU
105 _ay z |||||
200 1 _aСовременные проблемы "третьего мира"
_eСокр. пер. с англ.
_fОбщ. ред. д-ра экон. наук, проф. Р.А. Ульяновского
_gПредисл. д-ра экон. наук, проф. Р.А. Ульяновского и д-ра ист. наук В.И. Павлова, [с. 7-77]
210 _aМосква
_cПрогресс
_d1972
215 _a767 с.
_d22
300 _aДоп. тит. л.: Gunnar Myrdal. Asian drama
513 0 _aAsian drama
532 1 3 _aСовременные проблемы третьего мира
606 _aЭкономика
_yРазвивающиеся страны Азии
_2psbo
607 _aРазвивающиеся страны Азии
_2psbo
700 1 _aМюрдаль
_bГ.
_f1898-1987
_gГуннар
702 1 _aУльяновский
_bР.А.
_4340
_4080
702 1 _aПавлов
_bВ.И.
_4080
801 0 _aRU
_bNLR
_gpsbo
801 1 _aRU
_bELAR
_2rusmarc
852 _aNLR
_j72-5/1538
942 _cBOOK
980 _aNB